000 00343nam a22001217a 4500
008 230629b xxu||||| |||| 00| 0 eng d
082 _a333.7
_bUNEP
100 _cYusuf J. Ahmad, Salah El Sarafy and Ernst Lutz
245 _aEnvironmental Accounting for Sustainable Development
260 _aUSA
_bUNEP
_c1990
300 _a254p
942 _2ddc
_cBK
999 _c2943
_d2943